1233 1136 1132 1563 1128 1756 1020 1231 1747 1529 1538 1920 1968 1448 1525 1301 1314 1524 1678 1555 1427 1370 1826 1102 1089 1779 1774 1382 1345 1298 1832 1627 1035 1592 1238 1520 1458 1113 1492 1858 1848 1209 1335 1363 1422 1550 1260 1399 1328 1009 1138 1233 1419 1881 1563 1492 1374 1032 1293 1389 1056 1970 1115 1612 1360 1011 1150 1095 1591 1480 1714 1564 1674 1797 1992 1682 1124 1365 1020 1685 1599 1880 1941 1318 1951 1686 1770 1753 1847 1411 1736 1887 1745 1101 1229 1145 1483 1578 2000 BCNSPRNW ULIB Ver.6.0+V

เปลี่ยนเป็นภาษาไทย

Change to English
 แสดงรายละเอียดบรรณานุกรม
  กลับหน้าหลัก

Brief Record : Get Marc (ISO 2709) : E-mail record : QR code < ปิดหน้าต่าง
LEADER : 00000nam 2200000uu 4500
001    13399112331
003     ULIB
008    110627s||||||||th 000 0 tha d
020    9786160602933
090    นว.^bส731ห 2554
100 0  สิรินดา
245 00 เหลี่ยมรักมัดใจ/^cสิรินดา
250    พิมพ์ครั้งที่ 3
260    กรุงเทพฯ :^bแจ่มใส,^c2554
300    220 หน้า
710 1  แจ่มใส
945    ^p149^l0^i030397
995    ทศพร
999 ^a ใช้งานได้ทุกระบบ
รายการนี้ยังไม่มีแท็ก
คุณยังไม่ได้ล็อกอิน คุณสามารถมีกิจกรรมร่วมกับเว็บไซต์ได้ แต่ต้องล็อกอินก่อน ::
  ล็อกอิน

รายการสื่อสารสนเทศ

ลำดับที่ ประเภท เลขเรียก/บาร์โค้ด สถานที่ สถานะ
- ไม่พบข้อมูล -

รายการใกล้เคียง
    ผู้แต่ง [สิรินดา]

BibComment


ยังไม่เคยถูกคอมเมนท์

คอมเมนท์ทรัพยากรรายการนี้
  คอมเมนท์: เหลี่ยมรักมัดใจ ส..


 Copyright 2026. Bcnsprnw @Library